000 00221nam a2200085Ia 4500
008 170620s9999 xx 000 0 und d
100 _aKleiser- Grenvillie
245 0 _aDictionary of Synonyms and Antonyms
260 _bNew Delhi- A.P.H
260 _c2010
999 _c25748
_d25748